| 000 | 00390nam a2200133 a 4500 | ||
|---|---|---|---|
| 001 | 000011000 | ||
| 005 | 20200929162334.0 | ||
| 008 | 091013s1970 dr 000 0 spa d | ||
| 040 |
_aDO-SdBNP _bspa _cBNPHU |
||
| 100 | 1 |
_aR., Milagros _926421 |
|
| 245 | 1 | 0 |
_aPorvenir : _bversos didácticos / _cMilagros R. |
| 260 |
_aSanto Domingo : _bImpresora Arte y Cine, _c1970. |
||
| 300 |
_a160 p. ; _c23 cm. |
||
| 999 |
_c10738 _d10738 |
||